000 00801nam a22002657a 4500
003 OSt
005 20260424123434.0
008 260424b |||||||| |||| 00| 0 eng d
020 _a978-93-49531-18-5
037 _cReference
040 _aFEDL
_beng
_cFEDL
041 _aeng
_heng
082 _a181.4 SHA/RR
100 _aSharma, Raj Kishore, Ed.
_91235179
245 _aPeople's governance in Bharat/
_cedited by Raj Kishore Sharma; Deepak Kumar.
260 _aNew Delhi
_bKitabwale
_c2025
300 _a48p.
365 _aINR
_b140.00
490 _vV. 13
650 _aPHILOSOPHY OF INDIA
_91234613
650 _aANCIENT BHARAT
_91235665
700 _aDeepak Kumar, Ed.
_91235528
942 _2ddc
_cREF
_h181.4 SHA/RR
_n0
999 _c1848511
_d1848511